000 00292nam a2200109Ia 4500
008 180205s9999 xx 000 0 und d
020 _a9782712352539
100 _aMacelo, Gladys Glo H.
245 _aBasic calculus /
260 _aRecto Avenue
_bREX book store
_c2009
300 _aiv, 302 pages
999 _c354698
_d354698